El otro en la fenomenología trascendental de E. Husserl (Record no. 396545)
[ view plain ]
| 000 -CABECERA | |
|---|---|
| Campo de control de longitud fija | 00397nab a22001097u 4500 |
| 008 - CÓDIGOS DE INFORMACIÓN DE LONGITUD FIJA | |
| Campo de control de longitud fija | 130520b1996 xxu||||| |||| 00| 0 spa d |
| 041 ## - CÓDIGO DE LENGUA | |
| Código de lengua del texto/banda sonora o título independiente | spa |
| 100 1# - PUNTO DE ACCESO PRINCIPAL-NOMBRE DE PERSONA | |
| Nombre de persona | Astigarraga, María del Carmen |
| 9 (RLIN) | 79678 |
| 245 00 - MENCIÓN DE TÍTULO | |
| Título | El otro en la fenomenología trascendental de E. Husserl |
| Mención de responsabilidad, etc. | María del Carmen Astigarraga |
| 773 0# - ENLACE AL DOCUMENTO FUENTE | |
| Título | Naturaleza y Gracia |
| Parte(s) relacionada(s) | V.43, nº1-2,1996,págs. 221-245 |
| Número Internacional Normalizado para Publicaciones Seriadas (ISSN) | 0470-3790 |
| Número de control del registro relacionado | Rev290 |
| 942 ## - ENTRADA DE ELEMENTOS AGREGADOS (KOHA) | |
| Koha [por defecto] tipo de item | Artículos de revista |
| Suprimido | Perdido | Estropeado | No para préstamo | Localización permanente | Localización actual | Localización en estantería | Fecha adquisición | Préstamos totales | Fecha última consulta | Fecha del precio de reemplazo | Tipo de item de Koha |
|---|---|---|---|---|---|---|---|---|---|---|---|
| San Esteban | San Esteban | Depósito de revistas | 21/05/2013 | 21/05/2013 | 21/05/2013 | Artículos de revista |
